000 00291nam a22001337a 4500
008 180911b xxu||||| |||| 00| 0 eng d
020 _a9780072825619
041 _aeng
080 _a370
100 _a49
101 _aEDU
245 _aFrom Input To Output
_cLee J.F
942 _2udc
_cBK
999 _c47651
_d47651